Statistics for Waka Waka (This Time For Africa) Lyrics

Click here to take the quiz!

General Stats

  • This quiz has been taken 60 times
  • The average score is 163 of 303

Answer Stats

Answer% Correct
A
96%
a
96%
a.
96%
a,
96%
I
90%
Waka
90%
waka
90%
waka,
90%
Africa.
84%
time
84%
y
82%
for
80%
You
78%
you
78%
it.
76%
it,
76%
it
76%
eh.
75%
eh,
75%
the
71%
The
71%
Your
71%
your
71%
is
69%
This
69%
this
69%
it's
65%
Go
63%
get
61%
up
59%
up,
59%
feel
57%
on,
57%
on
57%
to
57%
We
55%
You're
55%
believe
53%
oh,
53%
oh.
53%
soldier,
53%
When
53%
all
51%
all,
51%
and
49%
battles,
49%
choosing
49%
Z.
49%
everyone's
47%
got
47%
over.
47%
Tsamina
47%
in
45%
mina,
45%
mina
45%
our
45%
yourself
45%
But
43%
fall
43%
good
43%
isn't
43%
know
43%
watching,
43%
closer,
39%
getting
39%
pressures
39%
serious,
39%
pick
37%
saddle.
37%
are
35%
back
35%
dust
35%
If
35%
if
35%
off
35%
'cause
33%
shine,
33%
we're
33%
Zangalewa,
33%
zangalewa,
33%
zangalewa
33%
frontline
31%
moment,
29%
day,
27%
no
27%
you've
27%
don't
25%
down
25%
Today's
24%
wait
24%
expectations.
22%
line,
22%
People
22%
their
22%
hesitation.
20%
motto.
20%
vamos
20%
raising
18%
todo.
18%
way,
18%
Listen
16%
por
16%
anawa,
14%
paved
14%
east
12%
god,
12%
them,
12%
west.
12%
feed
10%
from
10%
Abuyile
4%
amajoni
4%
Bathi
4%
lamajoni
4%
mah,
4%
mama,
4%
masibuye,
4%
one
4%
pikipiki
4%
qhela.
4%
susa
4%
Zama
4%
Zonk'
4%
Tango,
2%
iZiwe
0%

Score Distribution

Percentile by Number Answered

Percent of People with Each Score

Your Score History

You have not taken this quiz